[Event "Mittelfranken-ch QT 49th"]
[Site "Ansbach"]
[Date "2000.??.??"]
[Round "4"]
[White "Kuehnling, Klaus"]
[Black "Hestermann, Hans Ludwig"]
[Result "1-0"]
[WhiteElo "1814"]
[BlackElo "1720"]
[PlyCount "47"]
[EventDate "2000.04.19"]
[EventType "swiss"]
[EventRounds "7"]
[EventCountry "GER"]
[SourceTitle "EXT 2015"]
[Source "ChessBase"]
[SourceDate "2014.11.20"]
[SourceVersion "1"]
[SourceVersionDate "2014.11.20"]
[SourceQuality "1"]

1. e4 e6 2. d4 d5 3. Nc3 Nf6 4. Bg5 Be7 5. e5 Nfd7 6. h4 c5 7. Nb5 0-0 8. Bxe7 Qxe7 9. Nc7 Nb6 10. Nxa8 Nxa8 11. Nf3 Nc6 12. c3 cxd4 13. cxd4 f6 14. exf6 Rxf6 15. Qd2 e5 16. dxe5 d4 17. Bc4+ Kh8 18. 0-0 Rxf3 19. gxf3 Nxe5 20. Qe2 Qf6 21. Rfe1 Ng6 22. Qe8+ Nf8 23. Bf7 Qd6 24. Qxc8 1-0